000 00522nam a2200181Ia 4500
005 20250508154202.0
008 008 250505s9999 xx 000 0 eng d
037 _aBooks to be hide in OPAC
040 _aFEDL
_beng
_cFEDL
041 _aeng
_2eng
084 _a150, AME/O
_qFEDL
100 _aDashiell John F Ed.
245 0 _aPsychological monographs. V. 58 No. 3; 1945
260 _aEvanston
_bNorthwestern University
_c1945
300 _a75p.
942 _cHB
_h150, AME/O
999 _c1348395
_d1348395